Studies in Ottoman social and economic history

Αποθηκεύτηκε σε:
Λεπτομέρειες βιβλιογραφικής εγγραφής
Κύριος συγγραφέας: Inalcik, Halil 1916-
Μορφή: Βιβλίο
Γλώσσα:English
Δημοσίευση: Aldershot : Ashgate/Variorum, c1985
Σειρά:Collected studies
Θέματα:
Ετικέτες: Προσθήκη ετικέτας
Δεν υπάρχουν, Καταχωρήστε ετικέτα πρώτοι!

MARC

LEADER 00000nam a2200000 i 4500
001 1/93626
008 991123s1985 eng d
020 |a 0-86078-162-3 
035 |l 10054475 
040 |a GR-MY-UA  |b gre  |e aacr 
041 0 |a eng 
082 0 |a 330.95601 
100 1 |a Inalcik, Halil  |d 1916- 
245 1 0 |a Studies in Ottoman social and economic history /  |c Halil Inalcik 
260 |a Aldershot :   |b Ashgate/Variorum,   |c c1985 
300 |a 356 p. 
490 1 |a Collected studies 
504 |a Includes bibliographical references and index 
651 0 |a Turkey  |x Economic conditions  |y 1288-1918. 
651 0 |a Turkey  |x Social conditions  |y 1288-1918. 
830 0 |a Collected studies 
852 |a INST  |b LESVOS  |e 19991123  |h 330.95601 INA  |p 005100022175  |q 005100022175  |t BK  |y 0 
901 |a BIBL1-2000-1 
909 |a Λ  |b 066909 
922 |a 1ΕΛΗ  |b 199907  |c ΚΠΣ/ΤΚΑ  |d ΠΑΠΑΣΩΤΗΡΙΟΥ 
950 |a 117-1998-07-12 
970 |a ΤΖΑΦΕΡΗ  |b ΕΥΑΓΓΕΛΙΑ  |z 2000/01/18